Mega Trivia Hub - Statistics

General Stats
  • This quiz has been taken 14 times
  • The average score is 73 of 160
Answer Stats
? ID Hint Answer % Correct
22 Argentina's largest city Buenos Aires
83%
21 Hansel's sister Gretel
83%
1 Largest state in New England Maine
83%
16 State where Kansas City is Missouri
83%
52 Queen of England (as of May 2022) Queen Elizabeth II
83%
55 Most popular car color in America White
83%
6 The largest country in Africa Algeria
75%
108 Birthplace of Jesus Bethlehem
75%
78 Capital of Venezuela Caracas
75%
118 Utah, Ohio, and ___ are tied for the shortest US state name Iowa
75%
151 Largest city in Turkey (by population) Istanbul
75%
109 Capital of both Israel and Palestine Jerusalem
75%
113 Author of the Harry Potter series J.K. Rowling
75%
8 Famous horse race held every May Kentucky Derby
75%
77 Capital of Russia Moscow
75%
149 President of South Africa from May 10,1994 - June 16, 1999 Nelson Mandela
75%
26 River that flows through Egypt, Sudan, and South Sudan Nile
75%
12 Country that Nikola Jokic was born Serbia
75%
140 Most popular superhero ending with "-man" Superman
75%
88 The most common word in English The
75%
81 Famous ship that sank on April 15, 1912 Titanic
75%
131 Only country bordered by both Canada and Mexico United States of America
75%
138 US state with the lowest population Wyoming
75%
59 Number of centimeters in a meter 100
67%
100 Number of milliliters in a liter 1000/1,000
67%
54 Maroon 5's lead singer Adam Levine
67%
152 Most populated city in Thailand Bangkok
67%
142 Batman's real name Bruce Wayne
67%
61 The two rivers of Mesopotamia: Tigris and _______ Euphrates
67%
89 Material Cinderella's shoe was made of Glass
67%
110 Philistine giant defeated by the shepherd David Goliath
67%
34 Largest lake in Utah Great Salt Lake
67%
68 Montana. Wyoming, and _____ share Yellowstone National Park Idaho
67%
95 Largest landlocked country Kazakhstan
67%
30 Largest country in Oceania after Australia Papua New Guinea
67%
133 Only country bordered by both Germany and Russia Poland
67%
102 Black and ___ are the two colors associated with playing cards Red
67%
132 Only country bordered by both Norway and North Korea Russia
67%
63 Capital of Bulgaria Sofia
67%
44 Country that gained independence in 2011 South Sudan
67%
43 Singer of "Shake It Off" Taylor Swift
67%
50 Inventor of the light bulb Thomas Edison
67%
5 River that flows through Rome Tiber
67%
11 Actor of Peter Parker in Spider-Man: No Way Home Tom Holland
67%
19 Largest car company in the world Toyota
67%
158 4th digit of Pi (excluding the decimal point) 1
58%
75 Number of zeroes in a googol 100
58%
9 Number of small cubes in a Rubik's Cube 27
58%
46 Number of cards in a standard deck 52
58%
85 "Yellow" in Spanish Amarillo
58%
159 17th President of the United States Andrew Johnson
58%
72 Country that shares the longest border with India Bangladesh
58%
51 Third shark in "Baby Shark" song Daddy
58%
114 In the acronym ROYGBIV, the I represents what? Indigo
58%
74 Name of blue Mutant Ninja Turtle Leonardo
58%
39 Country completely surrounded by South Africa Lesotho
58%
126 Wizard that assisted King Arthur Merlin
58%
153 Most populated city in Somalia Mogadishu
58%
94 Country bordering only Russia and China Mongolia
58%
18 4th Largest US State Montana
58%
2 Hogwarts House of Cho Chang Ravenclaw
58%
83 "Red" in French Rouge
58%
15 Most specific classification in taxonomy Species
58%
156 How much is earned by passing "GO" on a Monopoly board? $200
50%
10 6 factorial 720
50%
137 Number of classifications in taxonomy 8/eight
50%
154 Shrek's wife Fiona
50%
129 House of Hermione Granger in Hogwarts Gryffindor
50%
40 Name of King Arthur's wife Guinevere
50%
41 Giant who told Harry Potter he was a wizard Hagrid
50%
71 Singer of “As it Was” Harry Styles
50%
134 Only country bordered by both Papua New Guinea and Malaysia Indonesia
50%
45 Antagonist in the movie "Aladdin" Jafar
50%
141 Superman's real name Kal-El
50%
93 "No" in German Nein
50%
115 What does the acronym "NVM" mean? Nevermind/Never mind
50%
24 3rd broadest classification in taxonomy Phylum
50%
23 Opposite of yellow Purple
50%
148 19th letter of the alphabet S
50%
101 Opposite of purple Yellow
50%
69 10 factorial divided by 9 factorial 10
42%
33 Number of countries with 4 letters (excluding Niue) 10/ten
42%
128 2 to the 7th power 128
42%
37 7 cubed 343
42%
146 Greatest common factor of 36 and 20 4
42%
155 Number of spaces on a Monopoly board 40
42%
106 Opposite of orange Blue
42%
57 3rd smallest US state Connecticut
42%
14 Broadest classification in taxonomy Domain
42%
97 "Happy" in Spanish Feliz
42%
4 The antagonist in Beauty and the Beast Gaston
42%
105 Opposite of red Green
42%
92 "Love" in German Liebe
42%
104 Opposite of blue Orange
42%
127 Empire defeated by Alexander the Great Persia
42%
120 Father of Alexander the Great Philip II
42%
103 Opposite of green Red
42%
38 The former name of Zambia and Zimbabwe's union Rhodesia
42%
31 Tallest person to ever live Robert Wadlow
42%
91 "Pink" in German Rosa
42%
42 Partner of Lavagirl Sharkboy
42%
53 Missouri and _______ border the most US States Tennessee
42%
121 14th state admitted into the USA Vermont
42%
84 Least common multiple of 30 and 40 120
33%
98 17 squared 289
33%
160 First 10 digits of Pi (the last one is 3) 3.141592653
33%
157 How much does Baltic Avenue cost in Monopoly? (US) $60
33%
3 The 1000th prime number 7919
33%
35 30th US president Calvin Coolidge
33%
62 The smallest dwarf planet in the solar system Ceres
33%
150 Last pharaoh of Egypt Cleopatra VII
33%
20 Winner of 1999 Super Bowl Denver Broncos
33%
13 Catboy, Owlette, and _____ make up the PJ Masks Gekko
33%
17 Opposite of a conductor (physics-wise) Insulator
33%
136 Youngest child in Narnia: The Lion, the Witch, and the Wardrobe Lucy
33%
64 Capital of Zambia Lusaka
33%
135 Only country bordered by both Zambia and Eswatini Mozambique
33%
139 City of Ladybug and Cat Noir Paris
33%
60 War between Athens and Sparta Peloponnesian
33%
117 Name of the Wimpy Kid's older brother Rodrick
33%
86 "Turtle" in Spanish Tortuga
33%
25 Arteries and veins in plants are called phloem and _____ Xylem
33%
7 Year that Genghis Khan was born 1162
25%
144 Least common multiple of 18 and 16 144
25%
145 Least common multiple of 20 and 55 220
25%
48 Product of first five prime numbers 2310
25%
47 Number of seconds in a year (365 days) 31,536,000
25%
124 Number of electoral votes of all states combined 538
25%
143 Wonder Woman's real name Diana Prince
25%
116 Name of the "Wimpy Kid" Greg
25%
87 "Tall" in French Haut
25%
65 Name of leprechaun on Lucky Charms box Lucky
25%
27 Name of an 18-sided polygon Octadecagon
25%
90 In "Turning Red," the main character turns into a.... Panda/Red Panda
25%
123 State that clinched Biden's victory in 2020 Pennsylvania
25%
32 1999 NBA champion San Antonio Spurs
25%
56 Name of one-eyed yellow minion Stuart
25%
36 Year that Jimmy Butler was drafted 2011
17%
79 Number of contestants in "Squid Game" 456
17%
96 Country name with highest Scrabble score Mozambique
17%
66 Inventor of TV Philo Farnsworth
17%
80 Actor of Nolan Booth in "Red Notice" Ryan Reynolds
17%
29 Country with over 95% forest area Suriname
17%
147 Greatest common factor of 88 and 24 11
8%
119 Melting point of iron (in Celsius) 1,538/1538
8%
122 Number of electoral votes Biden received in 2020 306
8%
76 Number of counties in the US (May 2022) 3,143
8%
70 Number of points needed to be level 23 in Jetpunk 400
8%
49 Distance of Earth from Sun (miles) 93,000,000/94,000,000
8%
67 Name of Sofia the First’s sister Amber
8%
58 Birth country of Jonathan Kuminga Democratic Republic of the Congo
8%
28 Person who painted the Mona Lisa Leonardo de Vinci
8%
99 Location of "Survivor: Season 21" Nicaragua
8%
130 Date that the 26th US President was born October 27, 1858
8%
107 Caillou's sister Rosie
8%
82 Largest county in all of America San Bernadino
8%
73 Faun in Narnia: The Lion, the Witch, and the Wardrobe Tumnus
8%
112 Author of "Hatchet" Gary Paulsen
0%
111 Narrator in "Freak the Mighty" Max
0%
125 Date that this test was created May 17, 2022
0%
No matching quizzes found
Score Distribution
Percent of People with Each Score
Percentile by Number Answered
Your Score History
You have not taken this quiz